Statistics for Top 10 Oldest Living Superbowl Receiving Yard Leaders

Click here to take the quiz!

General Stats

  • This quiz has been taken 3 times
  • The average score is 5 of 10

Answer Stats

AgeQB% Correct
69John Stallworth
100%
70Lynn Swann
100%
79Fred Biletnikoff
67%
79Paul Warfield
67%
82Bill Miller
33%
72Billy Joe DuPree
33%
71Chuck Foreman
33%
79John Henderson
33%
78Roy Jefferson
33%
73Stu Voigt
33%

Score Distribution

Percentile by Number Answered

Percent of People with Each Score

Your Score History

You have not taken this quiz